000 00513 a2200181 4500
003 OSt
005 20260324150350.0
008 240207b |||||||| |||| 00| 0 eng d
020 _a9789393018120
040 _coclc
082 _a813.52
_bHEM/K
100 _aHemingway, Ernest
_95210
245 _aKizhavanum Kadalum /
_c Ernest Hemingway
250 _a6th ed.
260 _aKozhikode:
_bOlive Publications,
_c2021.
300 _a98p.
942 _2ddc
_cBK
_h813.52
_iHEM/K
_k813.52
_mHEM/K
999 _c44335
_d44335